Skill shortage threat to new home supply (Record no. 117550)

MARC details
000 -LEADER
fixed length control field 01390cam a2200241 4500
001 - CONTROL NUMBER
control field ABS@61468
008 - FIXED-LENGTH DATA ELEMENTS--GENERAL INFORMATION
fixed length control field 040621n2004 000 0 eng u
035 ## - SYSTEM CONTROL NUMBER
System control number (Sirsi) u126529
100 ## - MAIN ENTRY--PERSONAL NAME
Personal name Smulian, M.
245 ## - TITLE STATEMENT
Title Skill shortage threat to new home supply
260 ## - PUBLICATION, DISTRIBUTION, ETC.
Date of publication, distribution, etc. 2004
490 ## - SERIES STATEMENT
Series statement Axis
Volume/sequential designation 58(2)May/June 2004, 10-11(2)
520 ## - SUMMARY, ETC.
Summary, etc. Examines the threats of skilled construction worker shortages and to a lesser extent building materials supply limitations, in particular aggregates, to the achievement of the increased rate of house building, called for by the Barker review. Traces the skilled labour shortage from the 1980s building boom through the bust in the 1990s to the current situation. Looks at the dearth of quality training in construction and why people are not going for employment in skilled trades such as building. House builders will only invest significantly in training when they have a long-term, stable workload, something they consider to be impeded by the planning system. Increased use of prefabrication and modern methods of construction would only be a partial solution to the skills problem.
590 ## - LOCAL NOTE (RLIN)
Local note ABS
590 ## - LOCAL NOTE (RLIN)
Local note ABS
650 ## - SUBJECT ADDED ENTRY--TOPICAL TERM
Topical term or geographic name entry element BARKER REVIEW
650 ## - SUBJECT ADDED ENTRY--TOPICAL TERM
Topical term or geographic name entry element AGGREGATES
650 ## - SUBJECT ADDED ENTRY--TOPICAL TERM
Topical term or geographic name entry element BUILDING MATERIALS
650 ## - SUBJECT ADDED ENTRY--TOPICAL TERM
Topical term or geographic name entry element CONSTRUCTION SKILLS
650 ## - SUBJECT ADDED ENTRY--TOPICAL TERM
Topical term or geographic name entry element PREFABRICATION
690 ## - LOCAL SUBJECT ADDED ENTRY--TOPICAL TERM (OCLC, RLIN)
Topical term or geographic name as entry element BUILDING AND CONSTRUCTION-MARKET
942 ## - ADDED ENTRY ELEMENTS (KOHA)
Suppress in OPAC 0
Holdings
Withdrawn status Lost status Source of classification or shelving scheme Damaged status Not for loan Home library Current library Shelving location Date acquired Total Checkouts Full call number Barcode Date last seen Copy number Price effective from Koha item type
    Dewey Decimal Classification     London London Journal article 21/06/2004   X126529 126529-1001 06/08/2019 1 06/08/2019 Journal article